000 00616nam a2200181Ia 4500
008 100920s9999 xx 000 0 und d
082 _b86934
_a24 न 02
100 _aजफा मनोरमा.
245 _aबांसरी की आवाज.
260 _bसूचना और प्रसारण मन्त्रालय, भारत सरकार.
_c2002
300 _a93
_bसाधी
365 _b45
520 _aसायो.
630 _aबांसरी की आवाज.
650 _aसायो.
730 _aबांसरी की आवाज.
942 _cBOOK
999 _c727444
_d727441